| 000 | 00984nam a22002417a 4500 | ||
|---|---|---|---|
| 999 |
_c12101 _d12101 |
||
| 003 | AR-CdUCM | ||
| 008 | 190405b ||||| |||| 00| 0 spa d | ||
| 040 |
_aMUNICIPALIDAD PROVINCIAL DEL CUSCO _cBIBLIOTECA MUNICIPAL DEL CUSCO |
||
| 082 |
_aC / 985.01063 / _bC75 |
||
| 110 |
_aUniversidad Nacional de San Antonio Abad del Cusco. _915942 |
||
| 245 |
_aColoquio sobre : _bCultura y Filosofía Incas / |
||
| 260 |
_aCusco : _bFacultad de Letras y Ciencias Humanas, _c1965. |
||
| 300 |
_a182 páginas ; _c21 cm. |
||
| 500 | _a"Versión literal"-- Cubierta. | ||
| 505 | _aContenido: Primera reunión del coloquio -- Segunda reunión del coloquio -- Tercera reunión del coloquio. | ||
| 650 |
_aFilosofía _9395 |
||
| 650 |
_aAspectos culturales _94086 |
||
| 650 |
_aIndígenas de América del Sur _97418 |
||
| 700 |
_aVidal, Humberto (presentador) _929785 |
||
| 710 |
_aUniversidad Nacional de San Antonio Abad del Cusco. _915942 |
||
| 942 |
_2ddc _cLIBROS |
||
| 945 |
_aachl _d2019-04-05 |
||